| 000 | 00323nam a22001097a 4500 | ||
|---|---|---|---|
| 008 | 230811b |||||||| |||| 00| 0 eng d | ||
| 040 |
_aNational Science Library _cNational Science Library |
||
| 245 | _aCommercial fertilizer | ||
| 260 |
_aGeorgia: _bWalter W. Brown Publishing Co., Inc. |
||
| 310 | _aMonthly | ||
| 942 | _cCR | ||
| 999 |
_c58598 _d58598 |
||